000 00853nas a2200265 4500
001 BR0805781
003 BR-BrBNA
005 20231205112013.0
007 ta
008 230509b bl.|||p| |||| 00| 00por d
040 _aBR-BrBNA
_bpor
_cBiblioteca Nacional de Agricultura
041 _a(Pt)
072 _aL73
100 1 _aHesse, F.
100 1 _aPires Neto, J.A.S.
100 1 _aOliveira, S.J.
245 1 _aAnálise dos resultados de reações sorológicas para leptospirose em bovinos e suínos, definindo a importância de determinados sorovares no Rio Grande do Sul
650 _aBOVINO
650 _aSUÍNO
650 _aSORO
650 _aLEPTOSPIROSE
773 0 _tA Hora Veterinária (Brazil)
_xISSN 0101-9163
_g(Mar-Apr 2008), v. 27(162) p. 25-28
_wBR0805781
909 _a202311
_bLúcia
_c55
_dLúcia Elande
942 _2AGRIS
_n0
_cANA
999 _c195569
_d195569